Manual de consultas laborales (MCL). Grandes temas Laborales

Saved in:
Bibliographic Details
Format: Unknown
Language:English
Published: Santiago, Chile: Thomson Reuters, 2021
Edition:1ª edición.
Subjects:
Tags: Add Tag
No Tags, Be the first to tag this record!

MARC

LEADER 00000 a2200000 4500
003 CL-VaPUC
005 20221012110828.0
008 211217b2021 ||||| |||| 00| 0 eng d
999 |c 434384  |d 434382 
020 |a 978-956-400-233-0 
040 |c Pontificia Universidad Católica de Valparaíso 
082 |a 344 MAN 2021  |2 22 
245 |a Manual de consultas laborales (MCL).  |b Grandes temas Laborales 
250 |a 1ª edición. 
260 |a Santiago, Chile:  |b Thomson Reuters,  |c 2021 
300 |a 2 volúmenes 
505 |a Volumen I - Teletrabajo - Contratos - Asignaciones y beneficios - Derechos fundamentales - Relación laboral y COVID-19. Volumen II - Retorno seguro al trabajo presencial - Ley de inclusión laboral - La corresponsabilidad parental en la legislación chilena - El ingreso mínimo y el sueldo - Feriados y permisos legales - La automatización del trabajo humano - Negociación colectiva - Modernización de la Dirección del Trabajo y documentos electrónicos - Reforma de pensiones 
583 |k Sebastián Perez  |c 20211217 
650 0 |a Teletrabajo  |9 860916  |x Derecho laboral 
650 0 |a Derechos fundamentales   |9 254841 
650 0 |a COVID-19 (Enfermedad)   |x Aspectos sociales  |9 861596 
942 |2 ddc  |c BK 
952 |0 0  |1 0  |2 ddc  |4 0  |6 344_000000000000000_MAN_2021  |7 0  |8 A  |9 579664  |a BIBDER  |b BIBDER  |c GEN  |d 2021-12-17  |e 31  |g 0.00  |h v.I  |i 5629810  |l 2  |o 344 MAN 2021  |p 5629810  |r 2023-01-25  |s 2022-10-11  |t 1  |v 0.00  |w 2021-12-17  |y BK  |k DER 
952 |0 0  |1 0  |2 ddc  |4 0  |6 344_000000000000000_MAN_2021  |7 0  |8 A  |9 581983  |a BIBDER  |b BIBDER  |c GEN  |d 2022-03-21  |e 31  |g 0.00  |h v.II  |i 5650186  |l 1  |o 344 MAN 2021  |p 5650186  |r 2023-01-25  |s 2022-10-11  |t 1  |v 0.00  |w 2022-03-21  |y BK  |k DER